Industrial Electronics : A Text Lab Manual ( DEPARTMENTAL ) (Record no. 4127)

MARC details
000 -LEADER
fixed length control field 00412nam a2200157Ia 4500
008 - FIXED-LENGTH DATA ELEMENTS--GENERAL INFORMATION
fixed length control field 221030s9999 xx 000 0 und d
020 ## - INTERNATIONAL STANDARD BOOK NUMBER
ISBN 0070996784
041 ## - LANGUAGE CODE
Language code of text/sound track or separate title
082 ## - DEWEY DECIMAL CLASSIFICATION NUMBER
Classification number 105.23
Item number Zba
100 ## - MAIN ENTRY--AUTHOR NAME
Personal name P. B. Zbar
245 #0 - TITLE STATEMENT
Title Industrial Electronics : A Text Lab Manual ( DEPARTMENTAL )
Statement of responsibility, etc by P. B. Zbar
260 ## - PUBLICATION, DISTRIBUTION, ETC. (IMPRINT)
Name of publisher TMH
Place of publication New Delhi
Year of publication 2004
300 ## - PHYSICAL DESCRIPTION
Number of Pages 278
650 ## - SUBJECT ADDED ENTRY--TOPICAL TERM
Topical Term ECE Departmental
942 ## - ADDED ENTRY ELEMENTS (KOHA)
Koha item type Books
Holdings
Accession Number Cost, normal purchase price Full call number Price effective from Koha item type Withdrawn / writtenoff status Materials specified (bound volume or other part) Damaged status Not for loan Permanent Location Current Location Shelving location Date acquired Lost/ Missing status department
BE 8320 235.00 105.23 Zba 10/30/2022 Books   Print     MIET Library, Jammu MIET Library, Jammu BL-Departmental, FL-1, CUP-10, SH-6, R-6 11/01/2006   BE